| 000 | 00989nam a22002897a 4500 | ||
|---|---|---|---|
| 001 | BR7704999 | ||
| 003 | BR-BrBNA | ||
| 005 | 20230928085423.0 | ||
| 007 | ta | ||
| 008 | 230509b bl.||||| |||| 00| 0 por d | ||
| 040 |
_aBR-BrBNA _bpor _cBiblioteca Nacional de Agricultura |
||
| 041 | _a(Por) | ||
| 072 |
_aH10 _b4020 _b3877 |
||
| 090 | _ 4020 BR7704999 | ||
| 100 | 1 | _aFarias, A.R.N. | |
| 110 | 1 |
_aUniversidade Federal do Parana, Curitiba (Brasil) _0Tese (Mestrado) |
|
| 245 | 1 | _aMorfologia e biologia da Erinnyis ello ello (Linne, 1758)(Lepidoptera, Sphingidae)e avaliacao toxicologica de inseticidas para o seu controle [mandarova] | |
| 260 | 3 |
_aCuritiba, PR (Brasil): _c1977. |
|
| 300 | _a101 p. | ||
| 500 | _aSummaries (Eng, Por). (*) Documento disponível na(o) UFPR, Curitiba, PR (Brazil). Biblioteca Central | ||
| 650 | _aMANDAROVA | ||
| 650 | _aINSETICIDA | ||
| 650 | _aCONTROLE QUIMICO | ||
| 650 | _aTOXIDEZ | ||
| 909 |
_a202309 _bLucia _c55 _dLucia Elande |
||
| 942 | _cBK | ||
| 999 |
_c24337 _d24337 |
||